| 000 | 00394cam a2200169ua 4500 | ||
|---|---|---|---|
| 020 | _c21sh | ||
| 041 |
_aeng _h |
||
| 082 |
_a823.308 _bDUN/My |
||
| 100 | _aDuncan, Jane . | ||
| 245 |
_amy friend rose / _cDuncan. _hTextual Documents |
||
| 260 |
_aNewyork : _bLondon macmillan , _c1964. |
||
| 300 | _a230 ; . | ||
| 365 | _a21sh | ||
| 504 | _a | ||
| 942 | _cBK | ||
| 999 |
_c11366 _d11366 |
||